| 000 | 00936nam a2200301 a 4500 | ||
|---|---|---|---|
| 001 | vtls001439078 | ||
| 003 | NLI | ||
| 005 | 20210627122022.0 | ||
| 008 | 121130n ii n 000 0 eng | ||
| 039 | 9 |
_y201211301646 _zVLOAD |
|
| 040 |
_aNLI _beng _cDatasoft_GENG _eAACR2 |
||
| 041 | 0 | _aeng | |
| 044 | _aii | ||
| 082 | 0 | 4 | _a381.45668497 |
| 245 | 0 | 0 |
_aNationwide packaging products, process, machinery and services : _bdirectory / _cby Datatrak Publications |
| 260 |
_aPune : _bDatatrak Pub., _c[n. d.]- |
||
| 300 |
_a1 v. (various pageings) ; _c29 cm. |
||
| 650 | 0 |
_aPackage goods industry _91003592 |
|
| 650 | 0 |
_aPlastics in packaging _9736023 |
|
| 650 | 0 |
_aMarket surveys _9722069 |
|
| 710 | 2 |
_aDatatrak Publication _91003593 |
|
| 887 | _a | ||
| 901 |
_aDB62275 _b18.08.1992 |
||
| 902 | _aE/O 381.45668497 N 213 | ||
| 904 | _l4897 | ||
| 949 |
_AVIRTUAITEM _D10000 _X100 _6DBA000062275ENG |
||
| 942 |
_2ddc _cBKS |
||
| 999 |
_aVIRTUA40 _c891769 _d891769 |
||